[Event "TexOhma Novice op"]
[Site "Dallas"]
[Date "2000.01.15"]
[Round "3"]
[White "Appelbaum, Todd"]
[Black "Gass, Joan"]
[Result "1-0"]
[WhiteElo "1168"]
[BlackElo "1014"]
[PlyCount "139"]
[EventDate "2000.01.15"]
[EventType "swiss"]
[EventRounds "5"]
[EventCountry "USA"]
[SourceTitle "EXT 2002"]
[Source "ChessBase"]
[SourceDate "2001.11.25"]
[SourceVersion "1"]
[SourceVersionDate "2001.11.25"]
[SourceQuality "1"]

1. e4 d5 2. exd5 Qxd5 3. Nc3 Qa5 4. Bc4 Nf6 5. d3 Bf5 6. Bd2 c6 7. Nf3 e6 8. 0-0 Qc7 9. Re1 Be7 10. Nd4 Bg6 11. Nce2 0-0 12. Nf4 Bf5 13. Nxf5 exf5 14. Qe2 Bd6 15. g3 Nbd7 16. Nh5 Rfe8 17. Nxf6+ Nxf6 18. Qf3 Rxe1+ 19. Rxe1 Qd7 20. Bc3 Be7 21. h3 h6 22. g4 fxg4 23. hxg4 Re8 24. Bxf6 Bxf6 25. Rxe8+ Qxe8 26. c3 Qe1+ 27. Kg2 Qd2 28. Qe3 Qxe3 29. fxe3 Kf8 30. d4 Bg5 31. Kf3 g6 32. d5 cxd5 33. Bxd5 b6 34. b4 f5 35. gxf5 gxf5 36. Be6 Bf6 37. c4 Bc3 38. b5 Kg7 39. Bxf5 Kf6 40. Kf4 Bd2 41. Bh3 Kg6 42. Ke4 Kg5 43. Kd4 Bb4 44. Kd5 Kh4 45. Bc8 Kg3 46. e4 h5 47. e5 h4 48. Kc6 Bc3 49. Kd5 h3 50. Bxh3 Kxh3 51. e6 Bb4 52. Kc6 Kg4 53. Kb7 Kf5 54. Kxa7 Bc5 55. e7 Bxe7 56. Kxb6 Ke6 57. a4 Kd7 58. c5 Kc8 59. a5 Kb8 60. a6 Bxc5+ 61. Kxc5 Ka7 62. b6+ Kb8 63. a7+ Kb7 64. a8Q+ Kxa8 65. Kc6 Kb8 66. b7 Ka7 67. Kc7 Ka6 68. b8Q Ka5 69. Qb3 Ka6 70. Qb6# 1-0